ბათუმის შოთა რუსთაველის სახელმწიფო უნივერსიტეტის ბიბლიოთეკა

Картофель (ბიბ.ჩანაწერი № 45832)

000 -LEADER
fixed length control field 00610nam a2200205Ia 4500
001 - CONTROL NUMBER
control field 12661
003 - CONTROL NUMBER IDENTIFIER
control field GE_BSU
008 - FIXED-LENGTH DATA ELEMENTS--GENERAL INFORMATION
fixed length control field 181216s||||||||xx |||||||||||||| ||und||
040 ## - CATALOGING SOURCE
Transcribing agency GE_BSU
080 ## - UNIVERSAL DECIMAL CLASSIFICATION NUMBER
Universal Decimal Classification number 635.21
245 ## - TITLE STATEMENT
Title Картофель
245 ## - TITLE STATEMENT
Remainder of title Трехлетние колхозные агрозоотехнические курсы
245 ## - TITLE STATEMENT
Statement of responsibility, etc. Под.ред.И.В.Якушина; Н.Я.Чмора. Ред.В.И.Сергеев
260 ## - PUBLICATION, DISTRIBUTION, ETC.
Place of publication, distribution, etc. Москва
260 ## - PUBLICATION, DISTRIBUTION, ETC.
Name of publisher, distributor, etc. Сельхозгиз
260 ## - PUBLICATION, DISTRIBUTION, ETC.
Date of publication, distribution, etc. 1955
300 ## - PHYSICAL DESCRIPTION
Extent 266стр.илл.21см.
653 ## - INDEX TERM--UNCONTROLLED
Uncontrolled term Картофель
942 ## - ADDED ENTRY ELEMENTS (KOHA)
Koha item type წიგნი
ეგზემპლარები
Withdrawn status Lost status Damaged status Not for loan Date acquired Barcode Date last seen Price effective from Koha item type
        2018-12-17 20576 2018-12-17 2018-12-17 წიგნი